000 00506 a2200193 4500
999 _c32100
_d32100
003 OSt
005 20260121121534.0
008 260121b ||||| |||| 00| 0 eng d
020 _a978-0-443-30155-1
040 _c.
082 _a658.7
_bK949
100 _96525
_aKshetri, Nir
245 _aBlockchain and Supply Chain Management /
_cby Nir Kshetri
250 _a2nd ed.
260 _bElsevier,
_aNetherlands :
_c2025.
300 _a310 p.
650 0 _96484
_aSupply Chain Management
942 _2ddc
_cBK